Score 0/45 Timer 07:00
0 Plays Today
Line Station % Correct
Red/Yellow/Blue/GreenEmbarcadero
85.9%
YellowSan Francisco International Airport
82.1%
Red/Yellow/Blue/GreenDaly City
78.2%
Red/Yellow/Blue/GreenCivic Center/UN Plaza
78.2%
Red/OrangeDowntown Berkeley
75.6%
Green/Orange/Blue/GreyColiseum
75.6%
Green/OrangeFremont
75.6%
Red/Yellow/Blue/GreenPowell
74.4%
Red/Yellow/Blue/GreenMontgomery
74.4%
GreyOakland International Airport
74.4%
Red/YellowMillbrae
73.1%
Red/Yellow/Blue/Green24th Street Mission
73.1%
Red/Yellow/Blue/Green16th Street Mission
73.1%
Red/Yellow/Blue/GreenWest Oakland
71.8%
Red/Orange/YellowMacArthur
71.8%
Red/OrangeRichmond
71.8%
Red/YellowSan Bruno
69.2%
Red/YellowSouth San Francisco
69.2%
Red/Orange/Yellow12th Street Oakland City Center
69.2%
YellowRockridge
69.2%
Red/OrangeNorth Berkeley
67.9%
YellowWalnut Creek
67.9%
Red/Yellow/Blue/GreenBalboa Park
66.7%
Line Station % Correct
Green/Orange/BlueFruitvale
66.7%
Green/OrangeHayward
66.7%
Red/OrangeAshby
65.4%
BlueDublin/Pleasanton
65.4%
Red/YellowColma
64.1%
Red/Yellow/Blue/GreenGlen Park
62.8%
Red/Orange/Yellow19th Street Oakland
61.5%
YellowOrinda
61.5%
Green/Orange/BlueLake Merritt
61.5%
YellowConcord
60.3%
Green/OrangeUnion City
59%
Red/OrangeEl Cerrito del Norte
56.4%
YellowLafayette
55.1%
Green/Orange/BlueBay Fair
55.1%
Red/OrangeEl Cerrito Plaza
52.6%
YellowPittsburg/Bay Point
52.6%
Green/Orange/BlueSan Leandro
52.6%
Green/OrangeSouth Hayward
50%
BlueWest Dublin/Pleasanton
46.2%
YellowPleasant Hill/Contra Costa Centre
44.9%
BlueCastro Valley
44.9%
YellowNorth Concord/Martinez
37.2%
Remove Ads.
Support Sporcle.
Get the best of Sporcle when you Go Orange. This ad-free experience offers more features, more stats, and more fun while also helping to support Sporcle. Thank you for becoming a member.

You're not logged in!

Compare scores with friends on all Sporcle quizzes.
OR
Log In

Show Comments

Extras

Top Quizzes Today


Score Distribution

Your Account Isn't Verified!

In order to create a playlist on Sporcle, you need to verify the email address you used during registration. Go to your Sporcle Settings to finish the process.

Report this User

Report this user for behavior that violates our Community Guidelines.

Details: